LEADER 00875nam a2200253 i 4500 001 000000156688 003 CaOOAMICUS 005 20061212000000.0 008 061212s1985 it u000 u mul u 013 $a134043 040 $aSeMil$bita 245 10$aVolume primo. 250 $a4. Ed. 300 $aCXXXI, 553 p. 490 0 $aI grandi libri Garzanti ;$v314 500 $aTesto spagnolo a fronte. - Fondo Ciprandi. 700 1 $aMacrí, Oreste.$0(OLS)http://semarc/name/2513 773 0 $tPoesia spagnola del Novecento.$d[Milano] : Garzanti, copyr. 1985.$w()16988 830 2$aI grandi libri Garzanti ;$v314.$0(OLS)http://semarc/title/9892 850 $aSeMil 852 $aSeMil$W1$xVenegono$y1$m1U I 27$j108437$B108437$CSeMilBibl$Z2$F118017 $81 941 1 $a1 961 $aOmaggio: Ciprandi dott. Paolo 996 $6245$aVolume primo$9(OLS)http://semarc/title/17661 LEADER 00743nam a2200169 i 4500 001 000000139213 003 CaOOAMICUS 005 20241016140857.0 008 050518s1976 it u000 u mul u 040 $aSeMil$bita 245 10$aTomo 2. 300 $aP. 430-862, [12] carte di tav. ;$c22 cm 773 0 $aFondazione Centro italiano di studi sull'Alto Medioevo $tSimboli e simbologia nell'Alto Medioevo.$dSpoleto : Presso la Sede del Centro, 1976.$kAtti delle settimane di studio / Centro italiano di studi sull'alto Medioevo$g2$w()13488 850 $aSeMil 852 $aSeMil$W1$xVenegono$y1$m3TA B 23/2$j251187$B92650$CSeMilBibl$Z2$F97876 $81 996 $6245$aTomo 2$9(OLS)http://semarc/title/49331